Teatro completo: comedias y dramas
में बचाया:
| मुख्य लेखक: | |
|---|---|
| स्वरूप: | पुस्तक |
| भाषा: | स्पेनिश |
| प्रकाशित: |
Madrid
Imprenta Clásica Española
1929
|
| विषय: | |
| टैग: |
टैग जोड़ें
कोई टैग नहीं, इस रिकॉर्ड को टैग करने वाले पहले व्यक्ति बनें!
|
MARC
| LEADER | 00000nam a2200000 a 4500 | ||
|---|---|---|---|
| 001 | UCX5451 | ||
| 003 | CL-VaPUC | ||
| 008 | 921117e19290000SP |||||||||||||||||spa|d | ||
| 082 | 0 | 4 | |a 862 |b ALV |2 21 |
| 100 | 0 | |a Alvarez Quintero, Serafín |e author |9 321741 | |
| 245 | 1 | 0 | |a Teatro completo: comedias y dramas |
| 300 | |a 300 p | ||
| 942 | |c BK | ||
| 945 | |d 19921117 00:00:00 | ||
| 260 | |a Madrid |b Imprenta Clásica Española |c 1929 | ||
| 500 | |a Contiene: Las de Abel, Los grandes hombres o el monumento a Cervantes, Barro pecador | ||
| 650 | 0 | |a Dramas españoles |9 267081 | |
| 650 | 7 | |a COMEDIAS ESPAÑOLAS |2 CL-VaPUC |9 321742 | |
| 583 | |a last modification |c 19921117 00:00:00 |k Rodrigo Vera | ||
| 999 | |c 225698 |d 225696 | ||
| 952 | |0 0 |1 0 |4 0 |6 862_000000000000000_ALV_1929 |7 0 |8 A |9 223447 |a BIBEDU |b BIBEDU |d 2019-11-15 |i 2922681 |o 862 ALV 1929 |p 2922681 |r 2019-11-15 |w 2019-11-15 |y BK |k LIT | ||